000 00744nam a22002417a 4500
001 86424
003 UA-OsUOA
005 20220315193943.0
007 ta
008 20120903b un ||||| |||| 00| 0 ukr d
040 _aUA-OsUOA
_bukr
_cUA-OsUOA
_dUA-OsUOA
041 _aukr
080 _a94(477).152
090 _a94(477).152
_bЗ-38
245 _aЗахідньоканадський збірник
_cупоряд. Я. Славутич
_nЧ. 2
260 _aЕдмонтон
_bКанадське НТ ім. Т.Шевченка
_c1975
300 _a383 с.
505 _gТ. 17
650 7 _a9 Географія. Біографії. Історія
_2UDC
700 1 _aСлавутич Я.
_eупоряд.
942 _cBK
_2udc
955 _a1
999 _c372749
_d372749